Nghiên cứu sự đa dạng di truyền và khả năng kháng khuẩn của hẹ (Allium tuberosum Roxb, et Spreng) và phong huệ (Zephyranthes rosea (spreng) Lindl) : Luân văn Thạc sĩ Khoa học Nông nghiệp. Chuyên ngành Thú y

Nội dung đề tài nghiên cứu : Nghiên cứu sự đa dạng di truyền của các cây hệ và phong huệ, so sánh khả năng kháng khuẩn của các nhóm cây hệ và phong huệ từ đó chọn ra các nhóm coa hoạt tính khán khuẩn cao...

全面介绍

Đã lưu trong:
书目详细资料
主要作者: Võ, Thị Tuyết
格式: 图书
语言:Undetermined
出版: Cần Thơ Trường Đại học Cần Thơ 2014
主题:
标签: 添加标签
没有标签, 成为第一个标记此记录!
Thư viện lưu trữ: Trung tâm Học liệu Trường Đại học Cần Thơ
LEADER 01214nam a2200217Ia 4500
001 CTU_197980
008 210402s9999 xx 000 0 und d
082 |a 581.634 
082 |b T528 
088 |a 60640101 
100 |a Võ, Thị Tuyết 
245 0 |a Nghiên cứu sự đa dạng di truyền và khả năng kháng khuẩn của hẹ (Allium tuberosum Roxb, et Spreng) và phong huệ (Zephyranthes rosea (spreng) Lindl) : 
245 0 |b Luân văn Thạc sĩ Khoa học Nông nghiệp. Chuyên ngành Thú y 
245 0 |c Võ ThịTuyết ; Huỳnh Kim Diệu (Người hướng dẫn) 
260 |a Cần Thơ 
260 |b Trường Đại học Cần Thơ 
260 |c 2014 
520 |a Nội dung đề tài nghiên cứu : Nghiên cứu sự đa dạng di truyền của các cây hệ và phong huệ, so sánh khả năng kháng khuẩn của các nhóm cây hệ và phong huệ từ đó chọn ra các nhóm coa hoạt tính khán khuẩn cao 
650 |a Medicinal plants,Cây thuốc 
904 |i Đoàn Ngọc Huyền (Hải) 
980 |a Trung tâm Học liệu Trường Đại học Cần Thơ